Skoki Narciarskie - Multimedaliści IO (ind.) w XXI wieku - Statystyki

Ogólne statystyki
  • Ten quiz został rozwiązany 59 razy
  • Średni wynik to 10 z 12
Statystyki odpowiedzi
Kraj Skoczek % Poprawnych
Polska Kamil Stoch
100%
Szwajcaria Simon Ammann
98%
Polska Adam Małysz
96%
Polska Kacper Tomasiak
96%
Słowenia Peter Prevc
96%
Japonia Ryoyu Kobayashi
94%
Niemcy Andreas Wellinger
78%
Japonia Ren Nikaido
76%
Austria Gregor Schlierenzauer
74%
Norwegia Robert Johansson
62%
Finlandia Matti Hautamäki
54%
Norwegia Lars Bystøl
52%
Nie znaleziono quizów pasujących do podanych kryteriów
Rozkład punktacji
Procent ludzi z każdym wynikiem
Percentyl według liczby udzielonych odpowiedzi
Twoja historia wyników
Nie rozwiązałeś tego quizu